000 00686nam a2200265Ia 4500
003 OSt
005 20251003153631.0
008 210210b2007 xxu||||| |||| 00| 0 eng d
020 _a020539311X
040 _cAL
041 _aeng
082 _a155.3 SMIP
100 _aBarbara Smith
_9241382
245 _aPsychology of sex and gender
260 _aBoston
_bPearson
_c2007
300 _axxiii,580p
650 _astereotypes
_9241383
650 _aPsychology
_9241384
650 _aNeo Freudian perspectives
_9241385
650 _agender
_9241386
650 _aautoerotic activities
_9241387
690 _aIndividual Psychology
_9241388
906 _a065525
942 _2ddc
_cBK
999 _c145496
_d145496